| 000 | 00402nam a22001571a 4500 | ||
|---|---|---|---|
| 020 | _a9788171192625 | ||
| 082 |
_aH2 _bRAM/S |
||
| 100 |
_aRameshwar Prem _9124815 |
||
| 245 |
_aShastra santan/ _cby Rameshwar Prem |
||
| 260 |
_aNew Delhi: _bRadhakrishna, _c1997. |
||
| 300 | _a87p. | ||
| 650 |
_aDrama Hindi _9124816 |
||
| 650 |
_aLiterature Hindi _9124817 |
||
| 650 |
_aLiterature _9124818 |
||
| 942 | _cBK | ||
| 999 |
_c41702 _d41702 |
||